000 01109aam a2200301 i 4500
001 768714001
003 CO-MdFUSB
005 20240214113728.0
007 ta
008 240214t1914 nyu |||| |||| 00| 0 spa d
020 _a[No contiene ISBN]
040 _cCO-MdFUSB
041 0 _aspa
082 0 4 _a264.23
_223
_bB9851n
110 _aSociedad Americana de Tratados
245 3 _aEl nuevo himnario evangélico :
_bpara el uso de las iglesias evangélicas de habla española en todo el mundo
_c/ Sociedad Americana de Tratados
264 1 _bSociedad Americana de Tratados,
_aNew York , Estados Unidos :
_c[1914]
264 4 _c©1914
300 _a400 páginas
_c; 22 cm
336 _atexto
_btxt
_2rdacontent
337 _2rdamedia
_asin mediación
_bn
338 _2rdacarrier
_avolumen
_bnc
505 _aOrden del culto. -- Índice alfabético de los Himnos. -- Lista de asuntos. -- Himnos. -- Lecturas antifonales. -- Lista alfabética de los autores y traductores. -- índice de los tonos. -- índice métrico.
563 _aPasta dura
653 _aHimnos
942 _cBK
945 _aJTF-925
999 _c35573
_d35573